000 00599nam a2200229Ia 4500
003 OSt
005 20220918210959.0
006 a|||||r|||| 00| 0
007 ta
008 220917b |||||||| |||| 00| 0 eng d
024 _a122,886
037 _cTextual
040 _aARTS
_cARTS
_beng
041 _2eng
_aeng
082 _aW, K7
100 _aRoelofs H Mak
_9119729
245 0 _aLanguage of modern politics
_b an introducation to the study of government
260 _c1967
650 _aPOLITICAL SCIENCE
942 _hW, K7
_cTEXL
_2CC
999 _c246075
_d246075